000 01066nam a2200289 a 4500
001 000116226
003 CHAP
005 20220329144606.0
008 191009s2019 mx | |sm |||||||spa d
010 _a112687
011 _a113659
040 _cCHAP
090 _aTesis
100 1 _aHernández Pérez, Jonathan.
_954455
245 1 0 _aEfecto de la inversión extranjera directa sobre el PIB de México
_h[En línea]
_cpor Jonathan Hernández Pérez.
260 _aChapingo, Méx. :
_bEl autor,
_c2019.
500 _aPara ver el contenido del material haga clic en la liga
502 _aTesis (M. C. en Economía Agrícola y de los Recursos Naturales) -- UACH. División de Ciencias Económico-Administrativas
590 _aE6337LMJ
_b05
_c20191009
_lUCH01
_h1205
590 _aE6337LMJ
_b05
_c20191009
_lUCH01
_h1205
650 1 4 _aInversiones extranjeras
_xMéxico.
_960200
650 1 4 _aPolítica económica
_zMéxico.
_990535
856 _aFinding aid
_uhttp://10.13.5.2/tesis/sist116226.pdf
_zTeclea aquí
901 _aBK
942 _cTESIS
942 _n0
999 _c112687
_d112687